Name all of Canada's provinces and territories plus maine and vermont - Statistics

General Stats
  • This quiz has been taken 10 times
  • The average score is 13 of 15
Answer Stats
Hint Answer % Correct
a Alberta
100%
a Maine
100%
a Manitoba
100%
a Newfoundland and Labrador
100%
a Ontario
100%
a Prince Edward Island
100%
a Saskatchewan
100%
a Vermont
100%
a Nunavut
90%
a Quebec
90%
a Yukon
90%
a British Colombia
80%
a New Brunswick
80%
a Nova scotia
70%
a Northwest Territorys
10%
No matching quizzes found
Score Distribution
Percent of People with Each Score
Percentile by Number Answered
Your Score History
You have not taken this quiz